| 000 | 00507cam a2200169ua 4500 | ||
|---|---|---|---|
| 041 |
_aeng _h |
||
| 082 |
_a631.5872 _bTAN/AG |
||
| 100 | _aTanji, Kenneth K . | ||
| 245 |
_aAgricultural drainage water management in arid and semi-arid areas / _cKenneth K Tanji. _hTextual Documents |
||
| 260 |
_aJodhpur : _bScientific Publishers , _c2007. |
||
| 300 |
_a188 ; _eCD. |
||
| 500 | _aFAO Irrigation and drainage paper | ||
| 504 | _a | ||
| 700 | 1 | _aKielen, Neeltje C . | |
| 942 | _cBK | ||
| 999 |
_c13279 _d13279 |
||